[Event "AI Cup Play In"]
[Site "Chess.com INT"]
[Date "2023.09.18"]
[Round "1"]
[White "Bok, Benjamin"]
[Black "Shyam, Sundar M"]
[Result "0-1"]
[WhiteElo "2621"]
[BlackElo "2497"]
[PlyCount "77"]
[EventDate "2023.09.18"]
[EventType "swiss (rapid)"]
[EventRounds "9"]
[EventCountry "USA"]
[SourceTitle "EXT 2024"]
[Source "ChessBase"]
[SourceDate "2023.10.10"]
[SourceVersion "1"]
[SourceVersionDate "2023.10.10"]
[SourceQuality "1"]

1. c4 f5 2. d4 Nf6 3. g3 e6 4. Bg2 Be7 5. Nf3 Ne4 6. 0-0 d5 7. b3 c6 8. Ba3 Nd7 9. e3 0-0 10. Qc1 a5 11. Bxe7 Qxe7 12. Nc3 b6 13. Rd1 Ba6 14. Qc2 Rac8 15. Rac1 Qb4 16. Ne2 g5 17. Ne1 Qe7 18. Qb2 b5 19. f3 Nef6 20. cxb5 cxb5 21. Nc3 b4 22. Na4 Bb5 23. Nd3 Bxa4 24. bxa4 Nb6 25. Nc5 Nfd7 26. Bf1 Nxc5 27. dxc5 Nxa4 28. Qe5 Nc3 29. Rd2 Rxc5 30. Kg2 d4 31. Qxd4 Rd5 32. Bc4 Rxd4 33. exd4 Rc8 34. Bb3 Kf7 35. Re1 a4 36. Bc2 Qd6 37. Re5 Rc4 38. Ra5 Rxd4 39. Rf2 0-1

[Event "Titled Tuesday intern op 15th Aug Early"]
[Site "Chess.com INT"]
[Date "2023.08.15"]
[Round "8"]
[White "Martinez Reyes, Pedro Ramon"]
[Black "Shyam, Sundar M"]
[Result "1-0"]
[WhiteElo "2354"]
[BlackElo "2497"]
[PlyCount "95"]
[EventDate "2023.08.15"]
[EventType "swiss (blitz)"]
[EventRounds "11"]
[EventCountry "USA"]
[SourceTitle "EXT 2024"]
[Source "ChessBase"]
[SourceDate "2023.10.10"]
[SourceVersion "1"]
[SourceVersionDate "2023.10.10"]
[SourceQuality "1"]

1. e4 e5 2. Nf3 Nc6 3. Nc3 Nf6 4. Be2 g6 5. d4 exd4 6. Nxd4 Bg7 7. Nxc6 bxc6 8. 0-0 d6 9. e5 dxe5 10. Qxd8+ Kxd8 11. Bf3 Bd7 12. Rd1 Ke7 13. Be3 Rhd8 14. Bc5+ Ke8 15. Re1 Ng8 16. Re4 f5 17. Ra4 e4 18. Re1 Ne7 19. Bxe4 Kf7 20. Bxe7 Bxc3 21. bxc3 Kxe7 22. Bxf5+ Kf6 23. Bd3 Re8 24. Rae4 Rxe4 25. Rxe4 Rb8 26. f4 Rb1+ 27. Kf2 c5 28. Re5 Rb2 29. Rxc5 Rxa2 30. Rxc7 Bf5 31. Ke3 h5 32. Rc6+ Ke7 33. Bxf5 gxf5 34. Kd3 a5 35. Rg6 a4 36. Rg5 Ke6 37. Rxh5 a3 38. Rh6+ Kd5 39. c4+ Kc5 40. Kc3 Ra1 41. Ra6 a2 42. Kb2 Rg1 43. Rxa2 Rxg2 44. Kc3 Rxh2 45. Ra5+ Kc6 46. Rxf5 Rh3+ 47. Kb4 Rh2 48. Rf6+ 1-0

[Event "Titled Tuesday intern op 08th Aug Early"]
[Site "Chess.com INT"]
[Date "2023.08.08"]
[Round "3"]
[White "Aronian, Levon"]
[Black "Shyam, Sundar M"]
[Result "1-0"]
[WhiteElo "2742"]
[BlackElo "2497"]
[PlyCount "55"]
[EventDate "2023.08.08"]
[EventType "swiss (blitz)"]
[EventRounds "11"]
[EventCountry "USA"]
[SourceTitle "EXT 2024"]
[Source "ChessBase"]
[SourceDate "2023.10.10"]
[SourceVersion "1"]
[SourceVersionDate "2023.10.10"]
[SourceQuality "1"]

1. e4 e5 2. Nf3 Nc6 3. Bb5 a6 4. Ba4 Nf6 5. d3 d6 6. c4 Be7 7. h3 h6 8. 0-0 Nh7 9. d4 Bd7 10. Nc3 Ng5 11. Bxg5 hxg5 12. Bxc6 bxc6 13. dxe5 g4 14. hxg4 Bxg4 15. exd6 cxd6 16. Qd3 Qd7 17. Nd4 Rb8 18. b3 g6 19. Rae1 c5 20. Nc2 Qe6 21. f4 g5 22. f5 Qh6 23. Qg3 Qh4 24. Qxh4 gxh4 25. e5 dxe5 26. Rxe5 f6 27. Re4 Rg8 28. Nd5 1-0

[Event "Titled Tuesday intern op 08th Aug Early"]
[Site "Chess.com INT"]
[Date "2023.08.08"]
[Round "6"]
[White "Demidov, Mikhail"]
[Black "Shyam, Sundar M"]
[Result "1-0"]
[WhiteElo "2566"]
[BlackElo "2497"]
[PlyCount "39"]
[EventDate "2023.08.08"]
[EventType "swiss (blitz)"]
[EventRounds "11"]
[EventCountry "USA"]
[SourceTitle "EXT 2024"]
[Source "ChessBase"]
[SourceDate "2023.10.10"]
[SourceVersion "1"]
[SourceVersionDate "2023.10.10"]
[SourceQuality "1"]

1. Nf3 Nf6 2. g3 g6 3. b3 Bg7 4. Bb2 b5 5. e4 d6 6. Bxb5+ c6 7. Bf1 0-0 8. d3 e5 9. Bg2 Nh5 10. 0-0 f5 11. Nbd2 f4 12. d4 Bg4 13. dxe5 dxe5 14. Nc4 Nd7 15. Qd3 Qe8 16. Rad1 Rd8 17. Qd6 Rf6 18. Qc7 Re6 19. Nd6 Qf8 20. Nb7 1-0

[Event "Titled Tuesday intern op 08th Aug Early"]
[Site "Chess.com INT"]
[Date "2023.08.08"]
[Round "9"]
[White "Shyam, Sundar M"]
[Black "Vokhidov, Shamsiddin"]
[Result "0-1"]
[WhiteElo "2497"]
[BlackElo "2597"]
[PlyCount "64"]
[EventDate "2023.08.08"]
[EventType "swiss (blitz)"]
[EventRounds "11"]
[EventCountry "USA"]
[SourceTitle "EXT 2024"]
[Source "ChessBase"]
[SourceDate "2023.10.10"]
[SourceVersion "1"]
[SourceVersionDate "2023.10.10"]
[SourceQuality "1"]

1. e4 c5 2. Nf3 e6 3. g3 Nc6 4. Bg2 Nf6 5. Qe2 e5 6. 0-0 Be7 7. c3 0-0 8. d3 Re8 9. Na3 h6 10. Nc2 d5 11. Rd1 d4 12. c4 a6 13. h3 b5 14. b3 Rb8 15. Nh4 Bf8 16. Nf5 Ne7 17. Nxe7+ Qxe7 18. f4 g6 19. Qf3 Bg7 20. fxe5 Nd7 21. Bf4 Nxe5 22. Qe2 bxc4 23. bxc4 Rb2 24. Rf1 Be6 25. Bc1 Rb7 26. Kh2 Bxc4 27. dxc4 d3 28. Qd1 dxc2 29. Qxc2 Ng4+ 30. hxg4 Bxa1 31. Bxh6 Be5 32. g5 Rb2 0-1

[Event "Chessable Masters Play In"]
[Site "Chess.com INT"]
[Date "2023.03.13"]
[Round "1"]
[White "Dubov, Daniil"]
[Black "Shyam, Sundar M"]
[Result "0-1"]
[WhiteElo "2708"]
[BlackElo "2502"]
[PlyCount "61"]
[EventDate "2023.03.13"]
[EventType "swiss (rapid)"]
[EventRounds "9"]
[EventCountry "USA"]
[SourceTitle "CBM 213 Extra"]
[Source "ChessBase"]
[SourceDate "2023.05.31"]
[SourceVersion "1"]
[SourceVersionDate "2023.05.31"]
[SourceQuality "1"]

1. d4 Nf6 2. c4 g6 3. g3 c5 4. dxc5 Na6 5. Bg2 Nxc5 6. Nc3 Bg7 7. Nh3 d6 8. Nf4 h5 9. Be3 0-0 10. 0-0 h4 11. gxh4 Ng4 12. Bxc5 dxc5 13. Qxd8 Rxd8 14. Rad1 Bf5 15. Bxb7 Rxd1 16. Rxd1 Rb8 17. Be4 Rxb2 18. Bxf5 gxf5 19. Na4 Rxa2 20. Nxc5 a5 21. Ncd3 a4 22. c5 a3 23. Rc1 Bb2 24. c6 Bxc1 25. c7 Rc2 26. Nd5 a2 27. N3b4 Rxc7 28. Nxa2 Rc5 29. Ndb4 Ba3 30. h3 Bxb4 31. hxg4 0-1

[Event "IND-ch 59th"]
[Site "New Delhi"]
[Date "2023.01.02"]
[Round "12"]
[White "Shyam, Sundar M"]
[Black "Nagare, Kaivalya Sandip"]
[Result "1-0"]
[WhiteElo "2526"]
[BlackElo "2124"]
[PlyCount "89"]
[EventDate "2022.12.22"]
[EventType "swiss"]
[EventRounds "13"]
[EventCountry "IND"]
[SourceTitle "CBM 211 Extra"]
[Source "ChessBase"]
[SourceDate "2023.01.31"]
[SourceVersion "1"]
[SourceVersionDate "2023.01.31"]
[SourceQuality "1"]

1. e4 e5 2. Bc4 Nf6 3. d3 Nc6 4. Nf3 Bc5 5. Nc3 d6 6. Bg5 h6 7. Bxf6 Qxf6 8. Nd5 Qd8 9. c3 0-0 10. b4 Bb6 11. a4 a5 12. b5 Ne7 13. Nxb6 cxb6 14. 0-0 Bg4 15. h3 Bh5 16. g4 Bg6 17. Nh4 Kh8 18. Qf3 Rc8 19. Rfe1 Bh7 20. Rac1 Ng6 21. Ng2 Bg8 22. Bd5 Qe7 23. c4 Qd7 24. h4 Ne7 25. Kh2 Bh7 26. Rg1 f6 27. Ne3 Ng6 28. Ng2 Ne7 29. Qe2 h5 30. f3 g6 31. gxh5 gxh5 32. f4 Nxd5 33. cxd5 Rxc1 34. Rxc1 f5 35. fxe5 fxe4 36. dxe4 Rg8 37. Qxh5 Qe7 38. Ne3 dxe5 39. Ng4 Qf8 40. Qxe5+ Rg7 41. Rc7 Qg8 42. h5 Bxe4 43. h6 Bxd5 44. hxg7+ Kh7 45. Qh5# 1-0

[Event "Almaty Academy GM 12"]
[Site "Almaty"]
[Date "2022.12.08"]
[Round "2"]
[White "Kurmangaliyeva, Liya"]
[Black "Shyam, Sundar M"]
[Result "0-1"]
[WhiteElo "2287"]
[BlackElo "2526"]
[PlyCount "64"]
[EventDate "2022.12.07"]
[EventType "tourn"]
[EventRounds "9"]
[EventCountry "KAZ"]
[EventCategory "8"]
[SourceTitle "CBM 211 Extra"]
[Source "ChessBase"]
[SourceDate "2023.01.31"]
[SourceVersion "1"]
[SourceVersionDate "2023.01.31"]
[SourceQuality "1"]

1. d4 e6 2. c4 c5 3. d5 exd5 4. cxd5 d6 5. Nc3 g6 6. Nf3 Bg7 7. Bf4 Nf6 8. h3 0-0 9. e3 Nh5 10. Bh2 f5 11. Be2 f4 12. e4 Nd7 13. Qc2 Qe7 14. Nd2 Ne5 15. 0-0-0 Bd7 16. Rde1 c4 17. Kb1 b5 18. Nd1 Rac8 19. g4 fxg3 20. fxg3 b4 21. Rhf1 c3 22. Rxf8+ Qxf8 23. bxc3 bxc3 24. Nb3 Bxh3 25. Bg1 Nxg3 26. Ba6 Rc7 27. Re3 Nf3 28. Bf2 Nf1 29. Bxf1 Bxf1 30. Bg3 Nd4 31. Nxd4 Bxd4 32. Re1 Qf3 0-1

[Event "Titled Tuesday intern op 22nd Nov Early"]
[Site "Chess.com INT"]
[Date "2022.11.22"]
[Round "4"]
[White "Guerb, Leonid"]
[Black "Shyam, Sundar M"]
[Result "0-1"]
[WhiteElo "2295"]
[BlackElo "2518"]
[PlyCount "116"]
[EventDate "2022.11.22"]
[EventType "swiss (blitz)"]
[EventRounds "11"]
[EventCountry "USA"]
[SourceTitle "CBM 211 Extra"]
[Source "ChessBase"]
[SourceDate "2023.01.31"]
[SourceVersion "1"]
[SourceVersionDate "2023.01.31"]
[SourceQuality "1"]

1. Nf3 c5 2. c4 b6 3. g3 Bb7 4. Bg2 g6 5. 0-0 Bg7 6. Nc3 e5 7. d3 Ne7 8. Bd2 0-0 9. a3 d6 10. Rb1 h6 11. b4 Nd7 12. b5 f5 13. a4 g5 14. a5 g4 15. Ne1 Bxg2 16. Nxg2 Ng6 17. Nd5 Nf6 18. Nge3 f4 19. Nxf6+ Qxf6 20. Nxg4 Qe6 21. f3 h5 22. Nf2 fxg3 23. hxg3 h4 24. g4 Nf4 25. Bxf4 exf4 26. Ne4 bxa5 27. Qa4 Rae8 28. Kg2 Re7 29. Rh1 Bf6 30. Qxa5 Rg7 31. b6 Rxg4+ 32. Kf1 axb6 33. Qxb6 Rg6 34. Qxd6 Qxd6 35. Nxd6 Bd8 36. Ne4 Be7 37. Rb7 Rf7 38. Rg1 Rxg1+ 39. Kxg1 Rg7+ 40. Kh2 Kh7 41. Rc7 Bf8 42. Rxg7+ Kxg7 43. Kh3 Be7 44. Nc3 Kg6 45. Nd5 Bg5 46. Nc7 Kf5 47. Na6 Be7 48. Nc7 Ke5 49. Kg4 h3 50. Nd5 h2 51. Nxe7 h1Q 52. Ng6+ Kd4 53. Nxf4 Qh7 54. Ne6+ Ke5 55. Nxc5 Qg8+ 56. Kh4 Qh7+ 57. Kg3 Qg7+ 58. Kf2 Qa7 0-1

[Event "Asian Continental Blitz op 19th"]
[Site "Delhi"]
[Date "2022.11.03"]
[Round "7"]
[White "Srihari, LR."]
[Black "Shyam, Sundar M"]
[Result "0-1"]
[WhiteElo "2436"]
[BlackElo "2518"]
[PlyCount "76"]
[EventDate "2022.11.03"]
[EventType "swiss (blitz)"]
[EventRounds "9"]
[EventCountry "IND"]
[SourceTitle "EXT 2024"]
[Source "ChessBase"]
[SourceDate "2023.10.10"]
[SourceVersion "1"]
[SourceVersionDate "2023.10.10"]
[SourceQuality "1"]

1. Nf3 d5 2. c4 e6 3. b3 Be7 4. Bb2 Bf6 5. d4 c5 6. e3 Ne7 7. Nbd2 Nbc6 8. cxd5 exd5 9. Ne5 0-0 10. Be2 cxd4 11. exd4 Bxe5 12. dxe5 Ng6 13. Nf3 Qa5+ 14. Qd2 Qxd2+ 15. Kxd2 Bg4 16. Rhe1 Rfe8 17. Bb5 Bxf3 18. Bxc6 bxc6 19. gxf3 c5 20. Rac1 Rac8 21. Kd3 d4 22. f4 Nxf4+ 23. Ke4 g5 24. h4 Ng6 25. hxg5 Nxe5 26. Kf5 Nd3 27. Rxe8+ Rxe8 28. Rc2 Re5+ 29. Kf6 Re4 30. Ba3 Rf4+ 31. Ke7 Rxf2 32. Rc4 Rxa2 33. Bxc5 Nxc5 34. Rxc5 d3 35. Rd5 d2 36. Kf6 Ra6+ 37. Kf5 Ra5 38. Rxa5 d1Q 0-1

[Event "Raipur Chhattisgarh"]
[Site "Raipur"]
[Date "2022.09.26"]
[Round "8"]
[White "Shyam, Sundar M"]
[Black "Rajesh, VAV"]
[Result "1-0"]
[WhiteElo "2526"]
[BlackElo "2331"]
[PlyCount "75"]
[EventDate "2022.09.19"]
[EventType "swiss"]
[EventRounds "10"]
[EventCountry "IND"]
[SourceTitle "CBM 210 Extra"]
[Source "ChessBase"]
[SourceDate "2022.11.30"]
[SourceVersion "1"]
[SourceVersionDate "2022.11.30"]
[SourceQuality "1"]

1. d4 Nf6 2. c4 g6 3. Nc3 d5 4. cxd5 Nxd5 5. e4 Nxc3 6. bxc3 Bg7 7. Bc4 0-0 8. Ne2 c5 9. 0-0 Nc6 10. Be3 Qc7 11. Rc1 Rd8 12. h4 Ne5 13. Bf4 Qa5 14. Bxe5 Bxe5 15. Qb3 Bf6 16. Bxf7+ Kg7 17. Be6 Qb6 18. Bxc8 Qxb3 19. axb3 Raxc8 20. d5 Bxh4 21. Nf4 Kf7 22. Ne6 Rd7 23. f4 Bf6 24. c4 Bd4+ 25. Nxd4 cxd4 26. Rfd1 Rd6 27. c5 Rf6 28. g3 g5 29. f5 a5 30. Rc4 b5 31. Rcc1 Ra6 32. e5 a4 33. b4 a3 34. Rxd4 a2 35. Ra1 Rd8 36. d6 e6 37. Rd2 Rda8 38. f6 1-0